Theories of development: concepts and applications
Сохранить в:
| Главный автор: | |
|---|---|
| Формат: | |
| Язык: | английский |
| Опубликовано: |
Londres
Prentice Hall International
1985
|
| Редактирование: | 2a. ed |
| Предметы: | |
| Метки: |
Добавить метку
Нет меток, Требуется 1-ая метка записи!
|
MARC
| LEADER | 00000nam a2200000 a 4500 | ||
|---|---|---|---|
| 001 | UCJ2835 | ||
| 003 | CL-VaPUC | ||
| 008 | 070119e19850000UK |||||||||||||||||eng|d | ||
| 020 | |a 0139136339 | ||
| 082 | 0 | 4 | |a 155 |b CRA |2 21 |
| 100 | 0 | |a Crain, William C |e author |9 503842 | |
| 245 | 1 | 0 | |a Theories of development: concepts and applications |
| 250 | |a 2a. ed | ||
| 300 | |a 306 p | ||
| 942 | |c BK | ||
| 945 | |d 20070119 00:00:00 |a jtorresc | ||
| 260 | |a Londres |b Prentice Hall International |c 1985 | ||
| 500 | |a Donación de la Dra. Marianne Peronard Thierry | ||
| 650 | 0 | |a Psicología del desarrollo |9 307541 | |
| 650 | 0 | |a Desarrollo infantil |9 308064 | |
| 650 | 0 | |a Adquisición del lenguaje |9 309032 | |
| 650 | 7 | |a ETOLOGIA |2 CL-VaPUC |9 269657 | |
| 583 | |a last modification |c 20070119 00:00:00 |k Rodrigo Vera | ||
| 999 | |c 318964 |d 318962 | ||
| 952 | |0 0 |1 0 |4 0 |6 155_000000000000000_CRA_1985 |7 0 |8 A |9 397183 |a FDOPOS |b FDOPOS |d 2019-11-22 |i 4316339 |o 155 CRA 1985 |p 4316339 |r 2025-01-22 |w 2019-11-22 |y BK |k MLA | ||